Prophet Muhammad as commander (Record no. 62371)
[ view plain ]
| 000 -LEADER | |
|---|---|
| fixed length control field | 00635nam a22001937a 4500 |
| 003 - CONTROL NUMBER IDENTIFIER | |
| control field | NUST-PNEC |
| 005 - DATE AND TIME OF LATEST TRANSACTION | |
| control field | 20170116180746.0 |
| 008 - FIXED-LENGTH DATA ELEMENTS--GENERAL INFORMATION | |
| fixed length control field | 150204b xxu||||| |||| 00| 0 eng d |
| 020 ## - INTERNATIONAL STANDARD BOOK NUMBER | |
| International Standard Book Number | 9757388467 |
| 040 ## - CATALOGING SOURCE | |
| Transcribing agency | PNEC |
| 082 ## - DEWEY DECIMAL CLASSIFICATION NUMBER | |
| Classification number | 297.63 GUL |
| 100 ## - MAIN ENTRY--PERSONAL NAME | |
| 9 (RLIN) | 1281 |
| Personal name | Gulen, M. Fethullah |
| 245 ## - TITLE STATEMENT | |
| Title | Prophet Muhammad as commander |
| Statement of responsibility, etc. | M. Fethullah Gulen |
| 260 ## - PUBLICATION, DISTRIBUTION, ETC. | |
| Place of publication, distribution, etc. | Islamabad : |
| Name of publisher, distributor, etc. | PN Book Club, |
| Date of publication, distribution, etc. | c1998. |
| 300 ## - PHYSICAL DESCRIPTION | |
| Extent | 330 p. : |
| Dimensions | 23 cm. |
| 651 ## - SUBJECT ADDED ENTRY--GEOGRAPHIC NAME | |
| General subdivision | General |
| -- | Islam |
| 856 ## - ELECTRONIC LOCATION AND ACCESS | |
| Uniform Resource Identifier | <a href="http://www.amazon.com/Prophet-Muhammad-Commander-Fethullah-Gulen/dp/9757388467/ref=sr_1_1?ie=UTF8&qid=1423071249&sr=8-1&keywords=9757388467">http://www.amazon.com/Prophet-Muhammad-Commander-Fethullah-Gulen/dp/9757388467/ref=sr_1_1?ie=UTF8&qid=1423071249&sr=8-1&keywords=9757388467</a> |
| 942 ## - ADDED ENTRY ELEMENTS (KOHA) | |
| Source of classification or shelving scheme | |
| Koha item type | Book |
| Withdrawn status | Lost status | Source of classification or shelving scheme | Damaged status | Not for loan | Permanent Location | Current Location | Shelving location | Date acquired | Source of acquisition | Cost, normal purchase price | Total Checkouts | Full call number | Barcode | Date last seen | Cost, replacement price | Price effective from | Koha item type |
|---|---|---|---|---|---|---|---|---|---|---|---|---|---|---|---|---|---|
| Pakistan Navy Engineering College (PNEC) | Pakistan Navy Engineering College (PNEC) | 12/04/2010 | Donated | 300.00 | 297.63 GUL | PNECLIB-030021 | 02/04/2015 | 300.00 | 12/04/2010 | Book |
